000 00634pam a2200229 a 4500
001 3749802
005 20180829071536.0
008 820125s1982 stka b 001 0 eng
010 _a 82001190
020 _a0443020620 :
_c£14.00
040 _aDLC
_cDLC
_dDLC
041 _aeng
060 _aW1 CL831AI
_aWF 141 R434
080 _a616.2
082 0 0 _a616.2
_219
100 _a3
101 _aSHM
245 0 0 _aRespiratory monitoring in intensive care /
_cedited by Alastair A. Spence.
504 _aIncludes bibliographical references and index.
906 _a7
_bcbc
_corignew
_d1
_eocip
_f19
_gy-gencatlg
942 _2ddc
_cBK
999 _c47406
_d47406